000 00812nam a22002177a 4500
999 _c8698
_d8698
003 AR-CdUCM
008 190325b ||||| |||| 00| 0 spa d
040 _aMUNICIPALIDAD PROVINCIAL DEL CUSCO
_cBIBLIOTECA MUNICIPAL DEL CUSCO
082 _a373.1 /
_bN25
100 _aNassif, Ricardo
_924297
245 _aPedagogía de nuestro tiempo :
_bhechos-problemas-orientaciones /
260 _aBuenos Aires :
_bKapelusz,
_c1965.
300 _aXV, 179 paginas ;
_c17 cm.
505 _aContenido : la crisis de la educación -- educación y cambio social -- educación y progreso cientifico -- educación y vida economica -- democracia y libertad...
650 _aEducación
_9460
650 _aFilosofia
_9395
650 _aMetodologia
_92264
650 _aCambio social
_95168
942 _2ddc
_cLIBROS
945 _apjha